Kinh tế đối ngoại Việt Nam

Na minha lista:
Detalhes bibliográficos
Autor principal: Nguyễn, Văn Trình
Formato: Livro
Idioma:Undetermined
Publicado em: Thành phố Hồ Chí Minh Đại học Quốc gia Thành phố Hồ Chí Minh 2006
Assuntos:
Tags: Adicionar Tag
Sem tags, seja o primeiro a adicionar uma tag!
Thư viện lưu trữ: Trung tâm Học liệu Trường Đại học Cần Thơ
LEADER 00593nam a2200181Ia 4500
001 CTU_103565
008 210402s9999 xx 000 0 und d
082 |a 337.597 
082 |b Tr312 
100 |a Nguyễn, Văn Trình 
245 0 |a Kinh tế đối ngoại Việt Nam 
245 0 |c Nguyễn Văn Trình 
260 |a Thành phố Hồ Chí Minh 
260 |b Đại học Quốc gia Thành phố Hồ Chí Minh 
260 |c 2006 
650 |a International economic relations 
904 |i Hiếu 
980 |a Trung tâm Học liệu Trường Đại học Cần Thơ